=LDR 00000nam 2200000 4500 =001 INLIS000000000031997 =005 20130612134031 =008 ***********************************ind** =035 ##$$0010-061300000031997 =041 ##$$a ind =082 ##$$a 028.55 =090 ##$$a 028.55, Tri p =100 ##$$a Trimansyah, Bangbang =245 ##$$a Patuah Emas Belajar Cerdas, Bambang trimasyah =260 ##$$a 2007 $b Bogor =300 ##$$a 39 hlm, Ilus, 26.5 cm =650 ##$$a Bacaan Kanak-Kanak =850 ##$$a NBPNMAT